000 00331nam a2200157Ia 4500
001 6681
003 IN-NITTTR
005 20251114233021.0
008 251113s9999||||xx |||||||||||||| ||eng||
040 _beng
040 _cIN-NITTTR
041 _aeng
082 _a604.2 G959E R
245 0 _aEnginering drawing /
942 _2ddc
_cBK
999 _c9319
_d9319